000 005910000a22001930004500
003 LK-CoMWRAF
005 20240120170732.0
008 230817t1990 ||||| |||| 00| 0 eng d
020 _a955905208X
040 _aLK-CoMWRAF
_dLK-CoMWRAF
_eLK-CoMWRAF
041 _aeng
082 _a016.3054
_bWAN
100 _aWanasundera, Leelangi
245 _a Women of Sri Lanka : an annotated bibliography :
_bsupplement No. 1
260 _aColombo:
_bCentre for Women's Research(CENWOR),
_c1990
300 _a175 p. ; 26 cm
_bIndex included
650 _aWOMEN-Sri Lanka-Bibliographies
942 _cBK
999 _c2549
_d2549